书目信息 |
| 题名: |
传感器技术及应用
|
|
| 作者: | 周彦 , 王冬丽 编著 | |
| 分册: | ||
| 出版信息: | 北京 机械工业出版社 2022 |
|
| 页数: | 145页 | |
| 开本: | 26cm | |
| 丛书名: | ||
| 单 册: | ||
| 中图分类: | TP212 | |
| 科图分类: | ||
| 主题词: | 传感器--chuan gan qi--高等学校--教材 | |
| 电子资源: | ||
| ISBN: | 978-7-111-67604-1 | |
| 000 | 01174nam0 2200265 450 | |
| 001 | 011025150520 | |
| 005 | 20221025150520.0 | |
| 010 | @a978-7-111-67604-1@dCNY33.00 | |
| 100 | @a20201004d2022 em y0chiy0120 ea | |
| 101 | 0 | @achi |
| 102 | @aCN@b110000 | |
| 105 | @aa z 000yy | |
| 106 | @ar | |
| 200 | 1 | @a传感器技术及应用@Achuan gan qi ji shu ji ying yong@f周彦, 王冬丽编著 |
| 210 | @a北京@c机械工业出版社@d2022 | |
| 215 | @a145页@c图@d26cm | |
| 300 | @a“十三五”国家重点出版物出版规划项目卓越工程能力培养与工程教育专业认证系列规划教材(电气工程及其自 | |
| 330 | @a本书针对机器人、无人驾驶汽车、无人机三个典型复杂工程对象,介绍各类传感器的基本原理、测量电路和主要应用。具体内容包括传感器概述、传感器的特性与标定、电阻式传感器、电容式传感器、电感式传感器、压电式传感器、磁电式传感器、热电式传感器和光电式传感器;最后介绍了传感器技术前沿,帮助读者了解当前传感器的新成果和未来发展方向。 | |
| 510 | 1 | @aSensor technology and applications@zeng |
| 606 | 0 | @a传感器@Achuan gan qi@x高等学校@j教材 |
| 690 | @aTP212@v5 | |
| 701 | 0 | @a周彦@Azhou yan@4编著 |
| 701 | 0 | @a王冬丽@Awang dong li@4编著 |
| 801 | 0 | @aCN@c20221025 |
| 905 | @a河南城建学院图书馆@dTP212@eZ8152 | |
| 传感器技术及应用/周彦, 王冬丽编著.-北京:机械工业出版社,2022 |
| 145页:图;26cm |
| “十三五”国家重点出版物出版规划项目卓越工程能力培养与工程教育专业认证系列规划教材(电气工程及其自 |
| ISBN 978-7-111-67604-1:CNY33.00 |
| 本书针对机器人、无人驾驶汽车、无人机三个典型复杂工程对象,介绍各类传感器的基本原理、测量电路和主要应用。具体内容包括传感器概述、传感器的特性与标定、电阻式传感器、电容式传感器、电感式传感器、压电式传感器、磁电式传感器、热电式传感器和光电式传感器;最后介绍了传感器技术前沿,帮助读者了解当前传感器的新成果和未来发展方向。 |
| ● |
| 相关链接 |
|
|
|
正题名:传感器技术及应用
索取号:TP212/Z8152
 
预约/预借
| 序号 | 登录号 | 条形码 | 馆藏地/架位号 | 状态 | 备注 |
| 1 | 1584375 | 215843755 | 自科库301/301自科库 40排2列4层/ [索取号:TP212/Z8152] | 在馆 |